Vplyv nudy na impulzívne nákupné správanie
Vplyv nudy ako mentálneho stavu spotrebiteľa na jeho tendenciu k vykonaniu impulzívneho nákupu. Rozličné mentálne stavy ovplyvňujú spotrebiteľov rôzne, či už sa jedná o pozitívne alebo negatívne ladenie. Pojem bežné nákupné správanie a impulzívne nákupné správanie. Analýza mentálneho nastavenia spot...
Salvato in:
| Autore principale: | |
|---|---|
| Altri autori: | , |
| Natura: | Capitolo di libro |
| Lingua: | slovacco |
| Soggetti: | |
| Tags: |
Nessun Tag, puoi essere il primo ad aggiungerne!!
|
MARC
| LEADER | 00000naa a2200000 4500 | ||
|---|---|---|---|
| 001 | 0260361 | ||
| 005 | 20240502074125.0 | ||
| 041 | 0 | |a slo | |
| 044 | |a SK | ||
| 245 | 1 | 0 | |a Vplyv nudy na impulzívne nákupné správanie |c Martin Novysedlák, Lucia Čakanová, Ingrid Dorčáková |
| 520 | |a Vplyv nudy ako mentálneho stavu spotrebiteľa na jeho tendenciu k vykonaniu impulzívneho nákupu. Rozličné mentálne stavy ovplyvňujú spotrebiteľov rôzne, či už sa jedná o pozitívne alebo negatívne ladenie. Pojem bežné nákupné správanie a impulzívne nákupné správanie. Analýza mentálneho nastavenia spotrebiteľa a predpoklad vplyvu marketingu na spotrebiteľa ktorý zažíva pocit nudy. | ||
| 610 | 2 | 0 | |a správanie spotrebiteľa |
| 610 | 2 | 0 | |a správanie sociálne |
| 610 | 2 | 0 | |a stratégia marketingová |
| 610 | 2 | 0 | |a dopyt spotrebiteľský |
| 610 | 2 | 0 | |a reklama |
| 100 | 1 | |a Novysedlák, Martin, 1991- | |
| 700 | 1 | |a Čakanová, Lucia, 1988- | |
| 700 | 1 | |a Dorčáková, Ingrid, 1978- | |